| 000 | 00624nam a2200193 i 4500 | ||
|---|---|---|---|
| 005 | 20131011055318.0 | ||
| 008 | 770217s1976 gw a 001 0 ger | ||
| 020 | _a3788160357 : | ||
| 041 | 0 | _ager | |
| 080 | _a167.2 | ||
| 100 | 1 | _aKuessner, H. G. | |
| 245 | 1 | 0 |
_aGrundlagen einer einheitlichen Theorie der physikalischen Teilchen und Felder / _cvon Hans Georg Küssner. |
| 260 |
_aGöttingen ; _aFrankfurt [Main] ; _aZürich : _bMusterschmidt, _c1976. |
||
| 300 |
_axi, 416 p. : _bill. ; _c25 cm. |
||
| 500 | _aVorwort f. : [V] - VII | ||
| 500 | _aIncludes indexes. | ||
| 650 | 0 | _aTeoria e fushës (Fizik) | |
| 942 |
_2udc _cBK |
||
| 999 |
_c103 _d103 |
||